000
00211nam a2200085Ia 4500
008
120527s9999 xx 000 0 und d
100
_a
Bearden, et al
245
_a
Marketing: Principes and perspective
942
_c
BK
999
_c
27169
_d
27169